ONE FLEW OVEN THE CUCKOO'S NEST , (Record no. 616666)

000 -LEADER
fixed length control field 00338nam a22001337a 4500
020 ## - INTERNATIONAL STANDARD BOOK NUMBER
Qualifying information PB.
040 ## - CATALOGING SOURCE
Transcribing agency FIZZA ISHAQ
082 ## - DEWEY DECIMAL CLASSIFICATION NUMBER
Classification number 791.43
Author Mark KEN
100 ## - MAIN ENTRY--PERSONAL NAME
Personal name KESEY,KEN.
9 (RLIN) 133705
245 ## - TITLE STATEMENT
Title ONE FLEW OVEN THE CUCKOO'S NEST ,
Statement of responsibility, etc. KEN KESEY.
260 ## - PUBLICATION, DISTRIBUTION, ETC.
Place of publication, distribution, etc. NEW YORK ;
Name of publisher, distributor, etc. A SIGNET BOOK,
Date of publication, distribution, etc. 1962.
300 ## - PHYSICAL DESCRIPTION
Extent 325 P. ;
Dimensions 7.4X4IN
942 ## - ADDED ENTRY ELEMENTS (KOHA)
Source of classification or shelving scheme
Koha item type Book
Holdings
Withdrawn status Lost status Source of classification or shelving scheme Damaged status Not for loan Permanent Location Current Location Shelving location Date acquired Total Checkouts Full call number Barcode Date last seen Price effective from Koha item type
          NUST Baluchistan Campus (NBC) NUST Baluchistan Campus (NBC) General Stacks 03/13/2026   791.43 KEN QD-528 03/13/2026 03/13/2026 Book
© 2023 Central Library, National University of Sciences and Technology. All Rights Reserved.